aircraft manufacturers by logo - Statistics

General Stats
  • This quiz has been taken 96 times
  • The average score is 9 of 17
Answer Stats
Picture Answer % Correct
Airbus
97%
Boeing
97%
Gulfstream
82%
Piper
73%
Cessna
71%
Lockheed Martin
71%
De Havilland
58%
Embraer
54%
BAE
52%
Saab
51%
Bombardier
38%
Northrop Grumman
30%
Antonov
27%
Boom supersonic
27%
Cirrus
23%
Dassault
23%
Pilatus
10%
No matching quizzes found
Score Distribution
Percent of People with Each Score
Percentile by Number Answered
Your Score History
You have not taken this quiz